'The' Entertainer Quiz Stats

Quiz Updated Sep 19, 2017

Challenge
Share
Tweet
Score 0/25 Timer 05:00
0 Plays Today
Answer % Correct
The Flintstones
98.4%
The Lion King
95%
The Jetsons
93.7%
The Shawshank Redemption
89.3%
The Brady Bunch
88.7%
The Voice
86.8%
The Rolling Stones
85.6%
The Dark Knight
84.7%
The Devil Wears Prada
84.4%
The Lone Ranger
83.9%
The Martian
82%
The Police
79.3%
The Supremes
77.3%
Answer % Correct
The Powerpuff Girls
76.7%
The Sound of Music
74.2%
The Jeffersons
72.9%
The Who
70.1%
The Walking Dead
67.2%
The Producers
66.5%
The White Stripes
63.5%
The Fairly OddParents
54.8%
The Good Dinosaur
54.7%
The King and I
51.9%
The Music Man
50.6%
The Wild Thornberrys
41.8%

You're not logged in!

Compare scores with friends on all Sporcle quizzes.
Sign Up with Email
OR
Log In

You Might Also Like...

Show Comments

Extras

Top Quizzes Today


Score Distribution

Your Account Isn't Verified!

In order to create a playlist on Sporcle, you need to verify the email address you used during registration. Go to your Sporcle Settings to finish the process.